Ajrakh : Impressions And Expressions (Record no. 7463)
[ view plain ]
| 000 -LEADER | |
|---|---|
| fixed length control field | 00411nam a2200169Ia 4500 |
| 008 - FIXED-LENGTH DATA ELEMENTS--GENERAL INFORMATION | |
| fixed length control field | 220524s9999 xx 000 0 und d |
| 020 ## - INTERNATIONAL STANDARD BOOK NUMBER | |
| International Standard Book Number | 8190259423 |
| 041 ## - LANGUAGE CODE | |
| Language code of text/sound track or separate title | eng |
| 082 ## - DEWEY DECIMAL CLASSIFICATION NUMBER | |
| Classification number | 746.1 |
| 100 ## - MAIN ENTRY--PERSONAL NAME | |
| Personal name | Dedia Ella. |
| 9 (RLIN) | 7654 |
| 245 ## - TITLE STATEMENT | |
| Title | Ajrakh : Impressions And Expressions |
| 260 ## - PUBLICATION, DISTRIBUTION, ETC. (IMPRINT) | |
| Name of publisher, distributor, etc. | Colour Publications Pvt. Ltd.-Mumbai |
| Date of publication, distribution, etc. | 2008 |
| 300 ## - PHYSICAL DESCRIPTION | |
| Extent | 96 |
| 650 ## - SUBJECT ADDED ENTRY--TOPICAL TERM | |
| Topical term or geographic name as entry element | Dyeing |
| 9 (RLIN) | 7655 |
| 906 ## - LOCAL DATA ELEMENT F, LDF (RLIN) | |
| a | 1238 |
| Withdrawn status | Lost status | Source of classification or shelving scheme | Damaged status | Not for loan | Home library | Current library | Date acquired | Vendor | Cost, normal purchase price | Total Checkouts | Full call number | Barcode | Date last seen | Date last checked out | Cost, replacement price | Bill Date | Koha item type | Original Barcode |
|---|---|---|---|---|---|---|---|---|---|---|---|---|---|---|---|---|---|---|
| Dewey Decimal Classification | School of Fashion Technology | School of Fashion Technology | 07/02/2003 | Pankaj Pub. Int | 2500.00 | 9 | 746.1 DED | SOFT-BK-3059 | 09/12/2025 | 03/12/2025 | 1500.00 | 08/07/2022 | Books | 003059 | ||||
| Dewey Decimal Classification | School of Fashion Technology | School of Fashion Technology | 08/02/2003 | Pankaj Pub. Int | 2500.00 | 746.1 DED | SOFT-BK-3060 | 08/07/2022 | 1500.00 | 08/07/2022 | Books | 003060 | ||||||
| Dewey Decimal Classification | School of Fashion Technology | School of Fashion Technology | 09/05/2025 | Mallika Dabhade Samant | 2500.00 | 1 | 746.1 DED | SOFT-BK-D231 | 08/12/2025 | 01/12/2025 | 2500.00 | 27/05/2025 | Donated Book |